The collage workbook : (Record no. 1039)

MARC details
000 -LEADER
fixed length control field 00776cam a2200253 a 4500
005 - DATE AND TIME OF LATEST TRANSACTION
control field 20260322212044.0
008 - FIXED-LENGTH DATA ELEMENTS--GENERAL INFORMATION
fixed length control field data
010 ## - LIBRARY OF CONGRESS CONTROL NUMBER
LC control number 2011030969
020 ## - INTERNATIONAL STANDARD BOOK NUMBER
International Standard Book Number 9781454701996 (pbtrade pbk. : alk. paper)
020 ## - INTERNATIONAL STANDARD BOOK NUMBER
International Standard Book Number 1454701994
040 ## - CATALOGING SOURCE
Original cataloging agency DLC
Transcribing agency DLC
Modifying agency DLC
042 ## - AUTHENTICATION CODE
Authentication code pcc
050 00 - LIBRARY OF CONGRESS CALL NUMBER
Classification number TT910
Item number .P59 2012
082 00 - DEWEY DECIMAL CLASSIFICATION NUMBER
Classification number 702.81/2
Edition information 23
092 ## - LOCALLY ASSIGNED DEWEY CALL NUMBER (OCLC)
Classification number 702.81 P59 2012
001 - CONTROL NUMBER
control field data
100 1# - MAIN ENTRY--PERSONAL NAME
Personal name Plowman, Randel.
245 14 - TITLE STATEMENT
Title The collage workbook :
Remainder of title how to get started & stay inspired /
Statement of responsibility, etc. Randel Plowman.
250 ## - EDITION STATEMENT
Edition statement 1st ed.
260 ## - PUBLICATION, DISTRIBUTION, ETC.
Place of publication, distribution, etc. New York :
Name of publisher, distributor, etc. Lark Crafts, An Imprint of Sterling Pub. Co.,
Date of publication, distribution, etc. c2012.
300 ## - PHYSICAL DESCRIPTION
Extent 132 p. :
Other physical details ill. (mostly col.) ;
Dimensions 23 cm.
504 ## - BIBLIOGRAPHY, ETC. NOTE
Bibliography, etc. note Includes bibliographical references (p. 130) and index index.
650 #0 - SUBJECT ADDED ENTRY--TOPICAL TERM
Topical term or geographic name entry element Collage
General subdivision Technique.
Holdings
Withdrawn status Lost status Damaged status Not for loan Home library Current library Shelving location Date acquired Total checkouts Full call number Barcode Date last seen Price effective from Koha item type
        Fairfield Fairfield General stacks 22/03/2026   702.81/2 23 BC0011073 22/03/2026 22/03/2026 Books